000 00562nam a22001937a 4500
005 20251108172331.0
008 250721s1995 xx 000 0 ara d
082 1 4 _a916.2/صلا
100 1 _aالشامي، صلاح الدين علي
245 1 0 _aنهر النيل :
_bدراسة جغرافية تحليلية /
250 _aط2
264 1 _aالإسكندرية :
_bمنشأة المعارف،
_c1995.
300 _a593ص
650 1 7 _aمصر
650 1 7 _aالجغرافيا
650 1 7 _aنهر النيل
942 _2ddc
_cBK
999 _c76475
_d76475